LIBRARY & INFORMATION CENTRE, KCAET, TAVANUR

ONLINE PUBLIC ACCESS CATALOGUE (OPAC)

Theory of machines through solved problems (Record no. 13617)

MARC details
000 -LEADER
fixed length control field 00321nam a22001337a 4500
020 ## - INTERNATIONAL STANDARD BOOK NUMBER
ISBN 9788122410419
082 ## - DEWEY DECIMAL CLASSIFICATION NUMBER
Classification number 621.801
Item number RAO/TH
100 ## - MAIN ENTRY--AUTHOR NAME
Personal name Rao, J.S
245 ## - TITLE STATEMENT
Title Theory of machines through solved problems
250 ## - EDITION STATEMENT
Edition statement 1
260 ## - PUBLICATION, DISTRIBUTION, ETC. (IMPRINT)
Place of publication New Delhi
Name of publisher New Age International (P) Ltd
Year of publication 2009
300 ## - PHYSICAL DESCRIPTION
Number of Pages 392
942 ## - ADDED ENTRY ELEMENTS (KOHA)
Koha item type Books
Holdings
Withdrawn status Lost status Damaged status Collection code Home library Current library Shelving location Date acquired Full call number Accession Number Koha item type
      Non-fiction KAUAET KAUAET General Stacks 31/03/2012 621.801 RAO/TH 22449 Books
      Non-fiction KAUAET KAUAET General Stacks 31/03/2012 621.801 RAO/TH 22450 Books
free website counter